00422 2200169 4500001002100000005001500021008004100036035001900077041000700096082000800103090001400111100001800125245002200143260003100165300001800196650003800214INLIS00000000001751120241224115327241224||||||||| | ||| |||| || |  0010-1224017511 aid0 a580 a580 FIT m0 aRina Fitriana00aMENGENAL TUMBUHAN aBandungbPutra Setiac2008 a70hlm;14x21cm 0ailmu ilmu Tentang Tumbuh Tumbuhan